LEADER 01048cam a2200253 i 4500 001 991000769519707536 008 050124s1985 sp b 001 0 spa 020 $a8473983319 035 $ab13270151-39ule_inst 040 $aDip.to Studi Giuridici$bita 082 0 $a342.40 100 1 $aFernandez, Tomas Ramon$0268886 245 14$aLos derechos historicos de los territorios forales :$bbases constitucionales y estatutarias de la administracion foral vasca /$cTomas-Ramon Fernandez 250 $a1. ed 260 $aMadrid :$bCivitas :$bCentro de Estudios Constitucionales,$c1985 300 $a231 p. ;$c21 cm 650 0$aStoria costituzionale$zSpagna 650 0$aDiritto amministrativo$zSpagna$zPais Vasco$xStoria 907 $a.b13270151$b21-09-06$c24-01-05 912 $a991000769519707536 945 $aLE027 342.40 FER01.01$g1$lle027$o-$pE21.90$q-$rl$s- $t0$u0$v0$w0$x0$y.i13989820$z24-01-05 996 $aDerechos historicos de los territorios forales$91106642 997 $aUNISALENTO 998 $ale027$b24-01-05$cm$da $e-$fspa$gsp $h4$i0